Statistiques concernant Musique A quel mot correspond cette définition ? (2)

Cliquez ici pour prendre le quiz!

Statistiques générales

  • Ce quiz a été pris 15 fois
  • Le résultat moyen est 9 sur 21

Statistiques - réponses

HintRéponse% Correct
Langage informatique permettant la représentation d'une partition de musique dans un fichier texte, au moyen de la notation alphabétique anglo-saxonneNotation ABC
87%
Processus par lequel le musicien crée ou produit une œuvre musicale spontanée, imaginaire ou ex nihilo.Improvisation
80%
Quatrième registre s'ajoutant éventuellement aux registres grave, médium et aigu.Suraigu
80%
Procédé de composition musicale contrapuntique dans laquelle plusieurs voix jouent ou chantent une imitation différée de la mélodie.Canon
67%
Instrument matériel produisant un son de référenceDiapason
67%
« À l'aise », tempo entre le lento et l'andante.Adagio
60%
Échelle musicale composée de douze degrés, séparés les uns des autres par un demi-ton.Échelle chromatique
60%
Technique consistant à pincer les cordes d'un instrument à cordes avec les doigts de la main.Pizzicato
60%
Mélodie chantée sans texte, sur une ou plusieurs voyelles.Vocalise
60%
Unité de mesure exprimant le tempo.Battement par minute
53%
Intervalle séparant deux notes distantes de cinq degrés.Quinte
47%
Note de base sur laquelle est construit un accord.Fondamentale
40%
Division d'un morceau de musique en parties d'égales duréesMesure
40%
Liaison d'expression qui indique que les notes d'une mélodie doivent être interprétées de façon liée.Legato
27%
Symbole de notation désignant des notes secondaires dont la fonction est d'embellir une ou plusieurs notes principales.Ornement
27%
Intervalle nul. Le terme s'utilise notamment pour décrire la même mélodie chantée ou jouée à plusieurs voix ou plusieurs instruments.Unisson
27%
Utilisation délibérée de fréquences simultanées.Harmonie
20%
Forme musicale fondée sur l'alternance entre une partie récurrente (parfois appelée refrain) et des épisodes contrastants.Rondo
20%
Ornement mélodique en forme d'un dessin de trois ou quatre sons tournant autour de la note principale et faisant apparaître les deux notes voisines — supérieure et inférieure.Gruppetto
13%
Au Moyen Âge, genre musical consistant en une représentation théâtrale agrémentée de passages chantésJeu
13%
Le plus grand des intervalles conjoints d'une échelle diatoniqueTon
0%

Distribution des résultats

Percentile par nombre de réponses

% des personnes avec chaque résultat

Votre développement - résultats

Vous n’avez pas pris ce quiz